| 000 | 01123cam a2200289 a 4500 | ||
|---|---|---|---|
| 005 | 20260322212054.0 | ||
| 008 | data | ||
| 010 | _a 2006048468 | ||
| 020 | _a0385517238 | ||
| 020 | _a9780385517232 | ||
| 040 |
_aDLC _cDLC _dDLC _dBAKER _dGK8 _dOCO _dWIQ _dC#P _dVP@ _dYDXCP _dDLC |
||
| 043 | _an-us-ok | ||
| 050 | 0 | 0 |
_aKF224.W5535 _bG75 2006 |
| 082 | 0 | 0 |
_a345.766/02523 _222 |
| 100 | 1 | _aGrisham, John. | |
| 245 | 1 | 4 |
_aThe innocent man : _bmurder and injustice in a small town / _cJohn Grisham. |
| 260 |
_aNew York : _bDoubleday, _cc2006. |
||
| 300 |
_a360 p., [8] p. of plates : _bill. ; _c25 cm. |
||
| 600 | 1 | 0 |
_aWilliamson, Ronald Keith, _d1953-2004 _vTrials, litigation, etc. |
| 650 | 0 |
_aTrials (Murder) _zOklahoma. |
|
| 650 | 0 |
_aJudicial error _zOklahoma. |
|
| 650 | 0 |
_aCapital punishment _zOklahoma. |
|
| 856 | 4 | 2 |
_3Contributor biographical information _uhttp://www.loc.gov/catdir/enhancements/fy0661/2006048468-b.html |
| 856 | 4 | 2 |
_3Publisher description _uhttp://www.loc.gov/catdir/enhancements/fy0661/2006048468-d.html |
| 856 | 4 | 1 |
_3Sample text _uhttp://www.loc.gov/catdir/enhancements/fy0701/2006048468-s.html |
| 001 | data | ||
| 999 |
_c1281 _d1281 |
||